000 00809nam a2200265Ia 4500
003 OSt
005 20220918200100.0
006 a|||||r|||| 00| 0
007 ta
008 220917b |||||||| |||| 00| 0 eng d
024 _a87,423
037 _cTextual
040 _aARTS
_cARTS
_beng
041 _2eng
_aeng
082 _aT2-66:(S:86), K8
100 _aKhan Jack H
_992679
245 0 _aUnwillingly to school phobia or school refusal - a medical social problem
250 _a2nd
260 _c1968
490 _aCommoinwrlth and international library :L mental health and socila medicine divison ed by Hugh L Freenman
650 _aEDUCATION
700 _a Nursten Jean P
_992680
942 _hT2-66:(S:86), K8
_cTEXL
_2CC
999 _c211118
_d211118